Çin-Türkistan hatıraları : (Record no. 200453115)

MARC details
000 -LEADER
fixed length control field 01230cam a2200337 i 4500
003 - CONTROL NUMBER IDENTIFIER
control field TR-AnTOB
005 - DATE AND TIME OF LATEST TRANSACTION
control field 20230523152735.0
007 - PHYSICAL DESCRIPTION FIXED FIELD--GENERAL INFORMATION
fixed length control field ta
008 - FIXED-LENGTH DATA ELEMENTS--GENERAL INFORMATION
fixed length control field 021219s1997 tu 001 0 tu d
020 ## - INTERNATIONAL STANDARD BOOK NUMBER
International Standard Book Number 9754372160
040 ## - CATALOGING SOURCE
Original cataloging agency BGZ
Language of cataloging eng
Description conventions rda
Transcribing agency BGZ
Modifying agency TR-AnTOB
041 1# - LANGUAGE CODE
Language code of text/sound track or separate title Türkçe
Language code of original ota
050 1# - LIBRARY OF CONGRESS CALL NUMBER
Classification number DS793.S62
Item number İ558 1999
090 ## - LOCALLY ASSIGNED LC-TYPE CALL NUMBER (OCLC); LOCAL CALL NUMBER (RLIN)
Classification number (OCLC) (R) ; Classification number, CALL (RLIN) (NR) DS 793.S62
Local cutter number (OCLC) ; Book number/undivided call number, CALL (RLIN) İ558c 1999
100 1# - MAIN ENTRY--PERSONAL NAME
Personal name İlkul, Ahmet Kemal,
Dates associated with a name 1889-1966
Relator term author
9 (RLIN) 141910
245 10 - TITLE STATEMENT
Title Çin-Türkistan hatıraları :
Remainder of title Şanghay hatıraları: iki kitap bir arada /
Statement of responsibility, etc. Ahmet Kemal İlkul ; Arap alfabesinden aktaran ilaveli, notlu ve tenkitli şekilde şerh eden Dr. Yusuf Gedikli.
246 3# - VARYING FORM OF TITLE
Title proper/short title Şanghay hatıraları
250 ## - EDITION STATEMENT
Edition statement 1. basım
264 #1 - PRODUCTION, PUBLICATION, DISTRIBUTION, MANUFACTURE, AND COPYRIGHT NOTICE
Place of production, publication, distribution, manufacture İstanbul :
Name of producer, publisher, distributor, manufacturer Ötüken Neşriyat A.Ş.,
Date of production, publication, distribution, manufacture, or copyright notice 1999.
300 ## - PHYSICAL DESCRIPTION
Extent 446 pages ;
Dimensions 20 cm
336 ## - CONTENT TYPE
Source rdacontent
Content type term text
Content type code txt
337 ## - MEDIA TYPE
Source rdamedia
Media type term unmediated
Media type code n
338 ## - CARRIER TYPE
Source rdacarrier
Carrier type term volume
Carrier type code nc
490 0# - SERIES STATEMENT
Series statement Yayın nu ;
Volume/sequential designation 359
Series statement Kültür serisi ;
Volume/sequential designation 120
504 ## - BIBLIOGRAPHY, ETC. NOTE
Bibliography, etc. note Includes bibliographical references and index.
651 #7 - SUBJECT ADDED ENTRY--GEOGRAPHIC NAME
Geographic name Sincan Uygur Özerk Bölgesi (Çin)
Source of heading or term etuturkob
9 (RLIN) 128689
Geographic name Asya, Orta
General subdivision Gezi ve tanıtım
Source of heading or term etuturkob
9 (RLIN) 8790
700 1# - ADDED ENTRY--PERSONAL NAME
Personal name Gedikli, Yusuf,
Relator term translator
9 (RLIN) 119290
Dates associated with a name 1954-
942 ## - ADDED ENTRY ELEMENTS (KOHA)
Source of classification or shelving scheme Library of Congress Classification
Koha item type Book
Holdings
Withdrawn status Lost status Source of classification or shelving scheme Not for loan Collection code Home library Current library Shelving location Date acquired Source of acquisition Inventory number Total Checkouts Full call number Barcode Date last seen Date shelved Koha item type Public note
    Library of Congress Classification Ödünç Verilebilir / Available Genel Koleksiyon Merkez Kütüphane Merkez Kütüphane Genel Koleksiyon / Main Collection 17/05/2023 Bağış / Donation TAR   DS793.S62 İ558c 1999 0067794 23/05/2023 23/05/2023 Book Donated by Mustafa Serdar Palabıyık
Devinim Yazılım Eğitim Danışmanlık tarafından Koha'nın orjinal sürümü uyarlanarak geliştirilip kurulmuştur.